Corrupción: un problema público de carácter multidimencional /

El artículo expone cómo el fenómeno de la corrupción es un problema multifacético y nocivo que afecta las estructuras de la vida civil, política y productiva de la sociedad, así como el comportamiento de la democracia desde el momento en que favorece la perversión de los valores comunitarios, porque...

Celý popis

Uloženo v:
Podrobná bibliografie
Hlavní autor: Aguilar Rodríguez, David
Médium: Text
Témata:
Tagy: Přidat tag
Žádné tagy, Buďte první, kdo vytvoří štítek k tomuto záznamu!

MARC

LEADER 00000 a a2200000 04500
001 16334
003
040
100 |a Aguilar Rodríguez, David  
245 |a Corrupción:   |b un problema público de carácter multidimencional /  |c David Aguilar Rodríguez 
520 |a El artículo expone cómo el fenómeno de la corrupción es un problema multifacético y nocivo que afecta las estructuras de la vida civil, política y productiva de la sociedad, así como el comportamiento de la democracia desde el momento en que favorece la perversión de los valores comunitarios, porque contamina las decisiones públicas que tienen como objetivo la atención de los asuntos comunes y con su impacto, se ocasionan efectos adversos que lesionan la convivencia de las personas, los ciudadanos y las organizaciones, desde el momento en que los códigos que orientan la conducta de los actores sociales, económicos y políticos, son superados con prácticas contrarias a los beneficios públicos  
650 |a CORRUPCION  
650 |a CULTURA  
650 |a CONSECUENCIAS SOCIALES  
650 |a FUNCION PUBLICA  
773 |g número 65; páginas 55-101  
999 |c 26278  |d 26278